000 00331 a2200133 4500
001 156565
040 _cEscola São Tomás de Aquino
100 _aMACHADO, Ana Maria
240 1 0 _aAh, cambaxirra, se eu pudesse
_lpor
245 1 0 _aAh, cambaxirra, se eu pudesse
362 0 _a2003
697 _a*LITERATURA INFANTO
942 _cBK
999 _c156565
_d156565